Geography Quiz

Random Geography or City Quiz

South America Population Grid Quiz Stats

Quiz Updated Feb 27, 2015

Challenge
Share
Tweet
Score 0/28 Timer 12:00
4 Plays Today
% Correct
Buenos Aires, Argentina
90.1%
Lima, Peru
89.5%
Santiago, Chile
88.6%
Bogotá, Colombia
84.1%
Caracas, Venezuela
83.7%
São Paulo, Brazil
82.2%
Brasília, Brazil
80.7%
Georgetown, Guyana
49.8%
Manaus, Brazil
46.7%
Salvador, Brazil
36.2%
Córdoba, Argentina
33.5%
Guayaquil, Ecuador
33.1%
Fortaleza, Brazil
29%
Belem, Brazil
25.9%
% Correct
Santa Cruz, Bolivia
24.4%
Maracaibo, Venezuela
24%
Punta Arenas, Chile
14.5%
Antofagasta, Chile
12%
Puerto Montt, Chile
9.3%
Cuiabá, Brazil
8.9%
San Miguel de Tucumán, Argentina
7.5%
Campo Grande, Brazil
6.7%
Río Gallegos, Argentina
6.6%
Comodoro Rivadavia, Argentina
6.1%
Santarém, Brazil
5.4%
Piura, Peru
4.3%
Ciudad Guayana, Venezuela
4.2%
Pedernales, Ecuador
1.4%

You're not logged in!

Compare scores with friends on all Sporcle quizzes.
Sign Up with Email
OR
Log In

You Might Also Like...

Show Comments

Extras

Top Quizzes Today


Score Distribution

Your Account Isn't Verified!

In order to create a playlist on Sporcle, you need to verify the email address you used during registration. Go to your Sporcle Settings to finish the process.